00883nam a2200169Ia 4500008004100000020001500041050001800056245010400074260007900178300001900257490002800276500003400304505025100338650005000589650003500639700003900674120626s1986 mx 000 0 spa d a9686125094 aPN1992.6bE73 aLa escuela y los medios de comunicación masivac/ Antologia preparada por Carmen, Cortés Rocha  aMéxico b: Secretaría de Educación Pública: El Caballito c, 1986 a159 páginas  aBiblioteca pedagógica aIncluye: Prólogo (pp. 9-18) aMedios de Comunicación Masiva: ¿Industria Cultural o Aula sin Muros? Medios de Comunicación Masiva, Educación y Cultura en México y América Latina La influencia y sus Límites: La Función Educativa de los Medios Alternativas  0aMEDIOS DE COMUNICACIÓN MASIVA Y EDUCACIÓN 0aTELEVISIÓN EN LA EDUCACIÓN aCortés Rocha, Carmenecompilador